000 00566cam a22001577a 4500
008 180718b2002 xxu||||| |||| 00| 0 eng d
020 _a0821351567
082 _aT19x686 H275
100 _aHassan, Fareed M.A.
245 _aLesotho development in a challenging environment: a joint world bank-African development bank evaluation
_cby Fareed M.A. Hassan
260 _aWashington, D.C.
_bWorld Bank
_c2002
300 _a112p.
440 _aWorld Bank Operations Evaluation Department
650 _aLesotho - Economic policy
650 _aLesotho - Economic conditions
999 _c288767
_d288767